Spolupráca ČĽR a SR v rámci platformy '6+1' na pozadí iniciatívy „Pás a cesta“
Iniciatíva čínskeho prezidenta Xi Jinpinga „Pás a cesta“ zameraná na obnovenie a rozšírenie historickej hodvábnej cesty a jej znovuvybudovanie v 21. storočí oficiálne ohlásená na jeseň roku 2013. Spolupráca Čínskej ľudovej republiky a Slovenskej republiky v rámci iniciatívy „Pás a cesta“ na pozadí...
Salvato in:
| Autore principale: | |
|---|---|
| Natura: | Capitolo di libro |
| Lingua: | slovacco |
| Soggetti: | |
| Tags: |
Nessun Tag, puoi essere il primo ad aggiungerne!!
|
MARC
| LEADER | 00000nla a2200000 4500 | ||
|---|---|---|---|
| 001 | 0236279 | ||
| 005 | 20240502073825.1 | ||
| 041 | 0 | |a slo | |
| 044 | |a SK | ||
| 245 | 1 | 0 | |a Spolupráca ČĽR a SR v rámci platformy '6+1' na pozadí iniciatívy „Pás a cesta“ |c Katarína Brocková |
| 520 | |a Iniciatíva čínskeho prezidenta Xi Jinpinga „Pás a cesta“ zameraná na obnovenie a rozšírenie historickej hodvábnej cesty a jej znovuvybudovanie v 21. storočí oficiálne ohlásená na jeseň roku 2013. Spolupráca Čínskej ľudovej republiky a Slovenskej republiky v rámci iniciatívy „Pás a cesta“ na pozadí kooperačnej platformy ´16+1´. | ||
| 610 | 2 | 0 | |a spolupráca hospodárska medzinárodná |
| 610 | 2 | 0 | |a obchod zahraničný |
| 610 | 2 | 0 | |a vzťahy medzinárodné |
| 610 | 2 | 0 | |a investície |
| 610 | 2 | 0 | |a projekty |
| 610 | 2 | 0 | |a Čína |
| 610 | 2 | 0 | |a Slovensko |
| 100 | 1 | |a Brocková, Katarína, 1976- | |